000 00784nam a2200253 i 4500
001 37584
003 ES-MaACL
005 20250815044953.0
007 t|
008 030221s1978 sp a ||||1| spa d
020 _a84-7140-159-2
080 _a355.14(43)"1933/45"
100 1 _aBueno Carrera, José María.
_9142848
245 1 0 _aUniformes alemanes del III Reich /
_cJosé Mª Bueno.
260 _aMadrid :
_bSan Martín,
_c[1978]
300 _a159 p. :
_bil. ;
_c21 cm.
490 1 _aHistoria del siglo de la violencia. Uniformes ;
_v1
500 _aÍndice.
650 4 _aUniformes militares-
_zAlemania.
_9142851
650 4 _aUniformes.
_9142847
830 0 0 _aHistoria del siglo de la violencia
_v1
_9229528
852 4 _aES-MaACL
_jA-8847
999 _c37584
_d37584